00568nam a2200145 a 450000100060000000300090000600800410001504000280005608200180008410000330010224501100013526000490024549000790029465000490037310765CO-ViMGA141112s2004 ck r 000 u spa d aCO-ViMGAbspacCO-ViMGA04a913.8657 M67a1 aMoreno Gonzalez ; Leonardo, 10aArqueología de San Agustín : bPautas de Asentamiento agustinianas en el Norooccidente de Saladoblanc aBogotá : bBanco de la República, c1991 aPoblación de fundación de Investigaciónes Arqueológicas Nacionales14aARQUEOLOGIA - SAN AGUSTIN - HUILA - COLOMBIA